Las rebeliones araucanas del siglo XVIII: mito y realidad

Kaydedildi:
Detaylı Bibliyografya
Yazar: Casanova Guarda, Holdenis (Yazar)
Materyal Türü: Kitap
Dil:İspanyolca
Baskı/Yayın Bilgisi: Temuco, Chile Universidad de la Frontera 1987
Seri Bilgileri:Serie Quinto Centenario, 1
Konular:
Etiketler: Etiketle
Etiket eklenmemiş, İlk siz ekleyin!

MARC

LEADER 00000cam a2200000 a 4500
001 UCW8838
003 CL-VaPUC
005 20250327093502.0
008 881027e19870000CL |||||||||||||||||spa|d
999 |c 221063  |d 221061 
040 |c Pontificia Universidad Católica de Valparaíso 
082 0 4 |a 983.03 CAS 1987  |2 21 
100 0 |a Casanova Guarda, Holdenis  |e author  |9 314059 
245 1 4 |a Las rebeliones araucanas del siglo XVIII:  |b  mito y realidad 
260 |a Temuco, Chile  |b Universidad de la Frontera  |c 1987 
300 |a 111 páginas 
490 0 |a Serie Quinto Centenario,  |v  1 
583 |a last modification  |c 20120611 12:23:07  |k Rodrigo Vera 
650 0 |a Araucanos  |9 314060 
650 7 |a HISTORIA DE CHILE  |2 CL-VaPUC  |9 314061  |y 1723-1771 
650 0 |a Guerra de Arauco  |y 1723-1771  |z CHILE  |9 267618 
650 7 |a REBELIONES  |2 CL-VaPUC  |9 314062  |y 1723-1771  |z CHILE 
852 |a BIBCUR 
942 |c BK  |2 ddc 
945 |d 19881027 00:00:00 
952 |0 0  |1 0  |2 ddc  |4 0  |6 983_030000000000000_CAS_1987  |7 0  |8 A  |9 213995  |a BIBHIS  |b BIBHIS  |d 2019-11-15  |i 2823993  |l 1  |o 983.03 CAS 1987  |p 2823993  |r 2025-01-20  |s 2023-06-16  |t 1  |w 2019-11-15  |y BK  |k HIS 
952 |0 0  |1 0  |2 ddc  |4 0  |6 983_030000000000000_CAS_1987  |7 0  |8 A  |9 213996  |a BIBEDU  |b BIBEDU  |c ES_NOD  |d 2019-11-15  |i 2824000  |o 983.03 CAS 1987  |p 2824000  |r 2023-08-09  |t 5  |w 2019-11-15  |y BK  |k LIT 
952 |0 0  |1 0  |2 ddc  |4 0  |6 983_030000000000000_CAS_1987  |7 0  |8 A  |9 213997  |a BIBHIS  |b BIBHIS  |d 2019-11-15  |i 1250760  |o 983.03 CAS 1987  |p 1250760  |r 2025-01-20  |t 2  |w 2019-11-15  |y BK  |k HIS 
952 |0 0  |1 0  |2 ddc  |4 0  |6 983_030000000000000_CAS_1987  |7 0  |8 A  |9 213998  |a BIBHIS  |b BIBHIS  |d 2019-11-15  |i 1250779  |o 983.03 CAS 1987  |p 1250779  |r 2025-01-20  |t 3  |w 2019-11-15  |y BK  |k HIS 
952 |0 0  |1 0  |2 ddc  |4 0  |6 983_030000000000000_CAS_1987  |7 0  |8 A  |9 213999  |a BIBHIS  |b BIBHIS  |d 2019-11-15  |i 4875788  |o 983.03 CAS 1987  |p 4875788  |r 2025-01-20  |t 4  |w 2019-11-15  |y BK  |k HIS